|
|
|
|
| LEADER |
01792nam a22003017a 4500 |
| 001 |
32651 |
| 003 |
BD-DhAAL |
| 005 |
20250626110354.0 |
| 008 |
180108t2016 bg ab s 000 0 eng d |
| 020 |
|
|
|a 9789845190343
|
| 040 |
|
|
|a BD-DhAAL
|d BD-DhAAL
|
| 041 |
|
|
|a eng
|a ben
|
| 082 |
|
|
|a 330.954920521
|2 22
|
| 245 |
|
|
|a Economic census 2013.
|p District report : Sirajganj /
|c Bangladesh Bureau of Statistics (BBS), Statistics and Informatics Division (SID), Ministry of Planning, Government of the People's Republic of Bangladesh.
|
| 260 |
|
|
|a Dhaka :
|b Reproduction, Documentation & Publication (RDP) Section, Bangladesh Bureau of Statistics,
|c 2016.
|
| 300 |
|
|
|a xxviii, 542 pages :
|b color illustrations, color maps ;
|c 28 cm.
|e + 1 CD-ROM (4 3/4 in.)
|
| 500 |
|
|
|a Chiefly statistical tables.
|
| 526 |
|
|
|a AAL
|
| 541 |
|
|
|a Complimentary copy
|e 32651
|
| 651 |
|
|
|a Bangladesh
|x Economic conditions
|y 21st century.
|9 24450
|
| 651 |
|
|
|a Bangladesh
|x Economic conditions
|y 21st century
|v Statistics.
|9 24451
|
| 710 |
|
|
|a Bangladesh Bureau of Statistics.
|b Statistics and Informatics Division (SID).
|b Ministry of Planning, Government of the People's Republic of Bangladesh.
|9 24452
|
| 852 |
|
|
|a Ayesha Abed Library
|c Reference Section
|
| 856 |
|
|
|3 Full text available on Bangladesh Bureau of Statistics
|u http://203.112.218.65:8008/WebTestApplication/userfiles/Image/EcoCen13/DistReport/Sirajganj.pdf
|
| 942 |
|
|
|2 ddc
|c BK
|
| 999 |
|
|
|c 38917
|d 38917
|
| 952 |
|
|
|0 0
|1 0
|2 ddc
|4 0
|6 330_954920521000000_ECO
|7 0
|9 62441
|a BRACUL
|b BRACUL
|c REF
|d 2018-01-08
|e Complementary copy
|l 0
|o 330.954920521 ECO
|p 3010032651
|r 2018-01-08
|t 1
|w 2018-01-08
|y BK
|
| 952 |
|
|
|0 0
|1 0
|2 ddc
|4 0
|6 330_954920521000000_ECO
|7 0
|9 62442
|a BRACUL
|b BRACUL
|c AV
|d 2018-01-08
|e Complementary copy
|l 0
|o 330.954920521 ECO
|p 4010032651
|r 2018-01-08
|t 1
|w 2018-01-08
|y AV
|